<?xml version="1.0" encoding="UTF-8"?>
<record
    xmlns:xsi="http://www.w3.org/2001/XMLSchema-instance"
    xsi:schemaLocation="http://www.loc.gov/MARC21/slim http://www.loc.gov/standards/marcxml/schema/MARC21slim.xsd"
    xmlns="http://www.loc.gov/MARC21/slim">

  <leader>00727nam a22002177a 4500</leader>
  <controlfield tag="008">240706b        mp ||||| |||| 00| 0 mon d</controlfield>
  <datafield tag="035" ind1=" " ind2=" ">
    <subfield code="a">2387</subfield>
  </datafield>
  <datafield tag="040" ind1=" " ind2=" ">
    <subfield code="a">BH0164090</subfield>
    <subfield code="b">mon</subfield>
    <subfield code="c">MN-UlNLM</subfield>
    <subfield code="d">MN-UlNLM</subfield>
    <subfield code="e">rda</subfield>
  </datafield>
  <datafield tag="041" ind1=" " ind2=" ">
    <subfield code="a">mon</subfield>
  </datafield>
  <datafield tag="042" ind1=" " ind2=" ">
    <subfield code="a">52012</subfield>
  </datafield>
  <datafield tag="084" ind1=" " ind2=" ">
    <subfield code="2">NNA</subfield>
    <subfield code="a">84/5&#x43C;&#x43E;&#x43D;/-4</subfield>
    <subfield code="b">&#x411;-259</subfield>
  </datafield>
  <datafield tag="100" ind1=" " ind2=" ">
    <subfield code="a">&#x411;&#x430;&#x43D;&#x437;&#x440;&#x430;&#x433;&#x447; &#x414;.</subfield>
  </datafield>
  <datafield tag="245" ind1=" " ind2="0">
    <subfield code="a">&#x41C;&#x43E;&#x440;&#x44C;&#x442; &#x430;&#x436;&#x430;&#x430;&#x433;&#x438;&#x439;&#x43D; &#x445;&#x4AF;&#x4AF;</subfield>
  </datafield>
  <datafield tag="264" ind1=" " ind2=" ">
    <subfield code="a">&#x423;&#x43B;&#x430;&#x430;&#x43D;&#x431;&#x430;&#x430;&#x442;&#x430;&#x440;</subfield>
    <subfield code="b">&#x410;&#x440;&#x434;&#x44B;&#x43D; &#x411;&#x43E;&#x43B;&#x43E;&#x432;&#x441;&#x440;&#x43E;&#x43B;&#x44B;&#x43D; &#x42F;&#x430;&#x43C;&#x43D;&#x44B; &#x445;</subfield>
    <subfield code="c">1982</subfield>
  </datafield>
  <datafield tag="300" ind1=" " ind2=" ">
    <subfield code="a">16&#x445;.</subfield>
  </datafield>
  <datafield tag="336" ind1=" " ind2=" ">
    <subfield code="2">rdacontent</subfield>
    <subfield code="a">text</subfield>
    <subfield code="b">txt</subfield>
  </datafield>
  <datafield tag="337" ind1=" " ind2=" ">
    <subfield code="2">rdamedia</subfield>
    <subfield code="a">unmediated</subfield>
    <subfield code="b">n</subfield>
  </datafield>
  <datafield tag="338" ind1=" " ind2=" ">
    <subfield code="2">rdacarrier</subfield>
    <subfield code="a">volume</subfield>
    <subfield code="b">nc</subfield>
  </datafield>
  <datafield tag="650" ind1=" " ind2=" ">
    <subfield code="a">&#x441;&#x443;&#x440;&#x433;&#x443;&#x443;&#x43B;&#x438;&#x439;&#x43D; &#x4E9;&#x43C;&#x43D;&#x4E9;&#x445; &#x43D;&#x430;&#x441;&#x43D;&#x44B;&#x445;&#x430;&#x43D;&#x434; &#x437;&#x43E;&#x440;&#x438;&#x443;&#x43B;&#x441;&#x430;&#x43D; &#x437;&#x443;&#x440;&#x430;&#x433;&#x442; &#x43D;&#x43E;&#x43C;  </subfield>
  </datafield>
  <datafield tag="942" ind1=" " ind2=" ">
    <subfield code="2">NNA</subfield>
    <subfield code="c">BK</subfield>
  </datafield>
  <datafield tag="952" ind1=" " ind2=" ">
    <subfield code="0">0</subfield>
    <subfield code="1">0</subfield>
    <subfield code="4">0</subfield>
    <subfield code="6">845&#x41C;&#x41E;&#x41D;4_&#x411;259</subfield>
    <subfield code="7">0</subfield>
    <subfield code="8">BH0163</subfield>
    <subfield code="a">BH0164090</subfield>
    <subfield code="b">BH0164090</subfield>
    <subfield code="c">BH0163</subfield>
    <subfield code="d">2024-07-07</subfield>
    <subfield code="g">235.00</subfield>
    <subfield code="l">0</subfield>
    <subfield code="o">84/5&#x43C;&#x43E;&#x43D;/-4  &#x411;-259</subfield>
    <subfield code="p">BH0162387-1-1</subfield>
    <subfield code="r">2024-07-07</subfield>
    <subfield code="t">28195</subfield>
    <subfield code="y">BK</subfield>
  </datafield>
  <datafield tag="952" ind1=" " ind2=" ">
    <subfield code="0">0</subfield>
    <subfield code="1">0</subfield>
    <subfield code="4">0</subfield>
    <subfield code="6">845&#x41C;&#x41E;&#x41D;4_&#x411;259</subfield>
    <subfield code="7">0</subfield>
    <subfield code="8">BH0166</subfield>
    <subfield code="a">BH0164090</subfield>
    <subfield code="b">BH0164090</subfield>
    <subfield code="c">BH0166</subfield>
    <subfield code="d">2024-07-07</subfield>
    <subfield code="g">120.00</subfield>
    <subfield code="l">0</subfield>
    <subfield code="o">84/5&#x43C;&#x43E;&#x43D;/-4  &#x411;-259</subfield>
    <subfield code="p">BH0162387-2-2</subfield>
    <subfield code="r">2024-07-07</subfield>
    <subfield code="t">39849</subfield>
    <subfield code="y">BK</subfield>
  </datafield>
  <datafield tag="952" ind1=" " ind2=" ">
    <subfield code="0">0</subfield>
    <subfield code="1">0</subfield>
    <subfield code="4">0</subfield>
    <subfield code="6">845&#x41C;&#x41E;&#x41D;4_&#x411;259</subfield>
    <subfield code="7">0</subfield>
    <subfield code="8">BH0163</subfield>
    <subfield code="a">BH0164090</subfield>
    <subfield code="b">BH0164090</subfield>
    <subfield code="c">BH0163</subfield>
    <subfield code="d">2024-07-07</subfield>
    <subfield code="g">235.00</subfield>
    <subfield code="l">0</subfield>
    <subfield code="o">84/5&#x43C;&#x43E;&#x43D;/-4  &#x411;-259</subfield>
    <subfield code="p">BH0162387-3-2</subfield>
    <subfield code="r">2024-07-07</subfield>
    <subfield code="t">33869</subfield>
    <subfield code="y">BK</subfield>
  </datafield>
  <datafield tag="999" ind1=" " ind2=" ">
    <subfield code="c">1101987</subfield>
    <subfield code="d">1102044</subfield>
  </datafield>
</record>
